000 01065nam a22003137a 4500
003 CHAP
005 20220329135235.0
008 971013s1972 r 00010 d
010 _a33154
011 _a34126
035 _a38242
040 _cCHAP
090 _aTesis
100 0 0 _aElizondo Vázquez, Carlos Alejandro.
_936345
245 _aTitulación de becerros, de la dosis infectante de Anaplasma marginale, aislado en Veracruz
260 _aMéxico, D.F. :
_bEl autor,
_c1972
300 _a44 p.
_b: gráfs.
502 _aTesis (Médico Veterinario Zootecnista) -- UANM. Fac. de Medicina Veterinaria y Zootecnia
590 _aALEPH
_b10
_c20130110
_lUCH01
_h1257
590 _aBATCH-UPD
_b10
_c20130110
_lUCH01
_h0058
590 _aBATCH-UPD
_b10
_c20130110
_lUCH01
_h2316
590 _aBATCH-UPD
_b10
_c20130409
_lUCH01
_h2047
590 _aBATCH-UPD
_b10
_c20130914
_lUCH01
_h1257
590 _aCONVERSION
_b10
_c20130109
_lUCH01
_h1319
650 1 4 _aAnaplasma marginale.
_95476
901 _aBK
942 _cTESIS
949 _bBC
_cTES
_d-87390
_eTS1
_i38242
_si
999 _c33154
_d33154